Využitie mediálnej komunikácie v súčasnej dobe diplomová práca

Gespeichert in:
Bibliographische Detailangaben
1. Verfasser: Poluchová, Michaela
Körperschaft: Obchodná fakulta EU. Katedra marketingu
Weitere Verfasser: Orgonáš, Jozef, 1957-
Format: Buch
Sprache:Slowakisch
Veröffentlicht: Bratislava 2019
Tags: Tag hinzufügen
Keine Tags, Fügen Sie das erste Tag hinzu!

MARC

LEADER 00000nbm a2200000 4500
001 0254106
005 20190704135514.8
041 0 |a slo 
044 |a SK 
245 1 0 |a Využitie mediálnej komunikácie v súčasnej dobe  |b diplomová práca  |c Michaela Poluchová ; školiteľ: Jozef Orgonáš 
264 1 |a Bratislava  |c 2019 
300 |a 64 s. 
100 1 |a Poluchová, Michaela 
700 1 |a Orgonáš, Jozef, 1957- 
710 2 |a Obchodná fakulta EU. Katedra marketingu